000 01019nam a2200241 a 4500
001 000039380
005 20201002031624.0
008 130625s2000 sp 000 0 spa d
020 _a8400078853
040 _aDO-SdBNP
_bspa
_cBNPHU
245 0 3 _aLa música y la poesía en cancioneros polifónicos del siglo xvii /
_cedición a cargo Mariano Lambea, Lola José.
260 _aBarcelona :
_bConsejo Superior de Investigación Científicas,
_c2000.
300 _av. :
_bil., mús. ;
_c32 cm.
490 1 _aMonumentos de la música española
_v60
500 _aLa bibloteca posee el v. 1-2
500 _aIncluye referencias bibliográficas y notas al pie de las páginas
504 _aTextos a dos columnas
505 0 _gv. 1
_tLibro de tonos humanos (1655-1656)
_av. 2
_tLibro de tonos humanos (1655-1656)
700 1 _aLambea, Mariano
_eed.
_965586
700 1 _aJosé, Lola
_eed.
_965587
710 2 _aConsejo Superior de Investigación Científicas
_963831
830 0 _aMonumentos de la música española
_v60
_965588
999 _c38870
_d38870